Investigaciones en proceso : ITESO 1982-1983 /

Guardado en:
Detalles Bibliográficos
Autor principal: Padilla, Cristina (autor)
Formato: Libro
Idioma:Español
Publicado: Guadalajara, México : ITESO, 1983, c1983
Etiquetas: Agrega una etiqueta
Sin etiquetas, Sé el primero en etiquetar este registro!

MARC

LEADER 00000nam^a2200000^a^4500
001 000590508
005 20250521000000.0
009 20260310132909.608
020 |a 968-511-004-2 
037 |a Acervo ITESO - Biblioteca 
041 |a ESP 
091 |a FCR. 00719 
100 |a Padilla, Cristina  |e (autor) 
245 1 0 |a Investigaciones en proceso :  |b ITESO 1982-1983 / 
264 4 |a Guadalajara, México :  |b ITESO,  |c 1983, c1983 
300 |a 38 p. 
336 |a texto  |b txt  |2 rdacontenido 
337 |a sin mediación  |b n  |2 rdamedio 
338 |a volumen  |b nc  |2 rdasoporte 
649 |a XX 
910 |a Fondo Cristina Romo Gil 
920 |a Impresos - Libros 
930 |a Fondos Especiales 
905 |a 143 
901 |a 0900115376  |b IT2  |c ESP  |i D122096  |u 20250521 
902 |a https://opac.biblio.iteso.mx/vufind/Record/000590508